| 000 | 00777nam a22002297a 4500 | ||
|---|---|---|---|
| 001 | 76296 | ||
| 003 | BD-RjUL | ||
| 005 | 20211209082825.0 | ||
| 008 | 191120s2014 ||||| b||| 00| 0 ben d | ||
| 020 | _a9789849070511 | ||
| 035 | _a(BD-RjUL)76517 | ||
| 040 |
_aBD-RjUL _beng _cBD-RjUL |
||
| 041 | _aeng | ||
| 082 |
_223 _a370.1 _bKHD 2014 |
||
| 100 |
_aখাতুন, শরিফা _9235232 |
||
| 245 |
_aদর্শন ও শিক্ষা / _cশরিফা খাতুন |
||
| 260 |
_aঢাকা : _bমাওলা ব্রাদার্স, _c২০১৪ |
||
| 300 |
_a২১৫ পৃ. ; _c২২ সেমি. |
||
| 504 | _aবিবলিওগ্রাফি সম্বলিত। | ||
| 650 |
_aEducation _xPhilosophy _9235233 |
||
| 942 |
_2ddc _cBK |
||
| 999 |
_c76296 _d76296 |
||